Libros de caballerías / (Record no. 115575)

MARC details
000 -LEADER
campo de control de longitud fija 00938nam a2200241 i 4500
001 - NÚMERO DE CONTROL
campo de control 115575
003 - IDENTIFICADOR DE NÚMERO DE CONTROL
campo de control ES-MaACL
005 - FECHA Y HORA DE LA ÚLTIMA TRANSACCIÓN
campo de control 20250825003421.0
007 - CAMPO FIJO DE DESCRIPCIÓN FÍSICA--INFORMACIÓN GENERAL
campo de control de longitud fija t|
008 - DATOS DE LONGITUD FIJA--INFORMACIÓN GENERAL
campo de control de longitud fija 070319m19071908sp ||||1| spa d
080 ## - NÚMERO DE LA CLASIFICACIÓN DECIMAL UNIVERSAL
Número de la Clasificación Decimal Universal 821.134.2-392(082.2)
245 00 - MENCIÓN DEL TÍTULO
Título Libros de caballerías /
Mención de responsabilidad, etc. por Adolfo Bonilla y San Martín.
260 ## - PUBLICACIÓN, DISTRIBUCIÓN, ETC.
Lugar de publicación, distribución, etc. Madrid :
Nombre del editor, distribuidor, etc. Bailly-Baillière,
Fecha de publicación, distribución, etc. 1907-1908.
300 ## - DESCRIPCIÓN FÍSICA
Extensión 2 v. ;
Dimensiones 26 cm.
490 1# - MENCIÓN DE SERIE
Mención de serie Nueva biblioteca de autores españoles ;
Designación de volumen o secuencia 6, 11
505 8# - NOTA DE CONTENIDO CON FORMATO
Nota de contenido con formato Contiene: 1ª parte: Ciclo artúrico ; Ciclo carolingio.-- 2ª parte: Ciclo de los Palmerines ; Extravagantes ; Glosario ; Variantes ; Correcciones ; Indices
650 #7 - PUNTO DE ACCESO ADICIONAL DE MATERIA--TÉRMINO DE MATERIA
Término de materia o nombre geográfico como elemento de entrada Libros de caballería españoles
Fuente del encabezamiento o término embne
9 (RLIN) 14448
700 1# - ENTRADA AGREGADA--NOMBRE PERSONAL
Nombre de persona Bonilla y San Martín, Adolfo,
Fechas asociadas al nombre 1875-1926
9 (RLIN) 30193
830 0# - PUNTO DE ACCESO ADICIONAL DE SERIE-TÍTULO UNIFORME
Título uniforme Nueva biblioteca de autores españoles ;
Designación de volumen o secuencia 6, 11
9 (RLIN) 186329
852 ## - LOCALIZACIÓN
Ubicación ES-MaACL
Número de control de estantería C-30132
852 ## - LOCALIZACIÓN
Ubicación ES-MaACL
Número de control de estantería C-30137
Holdings
Estatus retirado Estado de pérdida Estado de daño No para préstamo Biblioteca de origen Biblioteca actual Ubicación en estantería Fecha de adquisición Fuente de adquisición Total de préstamos Signatura topográfica completa Código de barras Visto por última vez Precio de reemplazo Tipo de ítem Koha
        Biblioteca del Ateneo de Madrid Biblioteca del Ateneo de Madrid Depósito 2 17/01/2008     C-30137 1120514 23/02/2023 23/02/2023 Libro impreso
        Biblioteca del Ateneo de Madrid Biblioteca del Ateneo de Madrid Depósito 2 17/01/2008     C-30132 1120513 23/02/2023 23/02/2023 Libro impreso